The Wall Street journal magazine

Detalles Bibliográficos
Formato: Electrónico Revista
Lenguaje:inglés
Publicado: [New York, N.Y. : Dow Jones & Co., ©1981-
Materias:
Acceso en línea:Full text available from Research Library: 06/01/2011 to 04/30/2013

MARC

LEADER 00000nas a2200000 a 4500
001 ssj0000670174
003 WaSeSS
005 20200512172242.0
006 m d
007 cr n
008 810629c19819999nyumr p s 0 a0eng
010 |a  81642128  
022 |l 0277-352X  |y 0277-352X 
035 |a (WaSeSS)ssj0000670174 
037 |b 22 Cortlandt St., N.Y., NY 10007 
040 |a DLC  |b eng  |c DLC  |d NSD  |d DLC  |d OCLCQ  |d CNEDM  |d OCLCO  |d OCLCF  |d CUS  |d DOS  |d OCL  |d RDF  |d WaSeSS 
042 |a pcc  |a nsdp 
050 0 0 |a AP2  |b .W239 
082 |a 051 
210 0 |a Wall Str. j. mag. 
222 4 |a The Wall Street journal magazine 
245 0 4 |a The Wall Street journal magazine  |h [electronic resource]. 
246 1 3 |a WSJ magazine 
260 |a [New York, N.Y. :  |b Dow Jones & Co.,  |c ©1981- 
310 |a Monthly 
362 0 |a June 1981- 
500 |a Title from cover. 
506 |a License restrictions may limit access. 
588 1 |a June 1981. 
650 0 |a American periodicals. 
650 7 |a American periodicals.  |2 fast  |0 (OCoLC)fst00807335 
655 0 |a Electronic journals. 
850 |a DLC 
856 4 0 |z Full text available from Research Library: 06/01/2011 to 04/30/2013  |u https://search.proquest.com/publication/446299